| 000 | 00430nam a22001337a 4500 | ||
|---|---|---|---|
| 008 | 080803t xxu||||| |||| 00| 0 eng d | ||
| 020 | _a0861014758 | ||
| 040 | _aLibrary of Congress. | ||
| 082 |
_a641.877 _bMAC |
||
| 245 |
_aA Gourmet`s Book Of Tea & Coffe / _cLesley Mackley; Photographed by Sue Atkinson |
||
| 260 |
_aLondon: _bSalamander Books LTD,c.1989. _cc.1989. |
||
| 300 |
_a120 p. : _bill. col. ; _c32 cm. |
||
| 942 |
_2ddc _cBB |
||
| 999 |
_c10056 _d10056 |
||